Lifelines Intermediate student's book

保存先:
書誌詳細
第一著者: Hutchinson, Tom
フォーマット: 図書
言語:English
Vietnamese
出版事項: Oxford Oxford University Press 1999
主題:
タグ: タグ追加
タグなし, このレコードへの初めてのタグを付けませんか!
Thư viện lưu trữ: Trung tâm Học liệu Lê Vũ Hùng, Trường Đại học Đồng Tháp
LEADER 01129pam a22003978a 4500
001 00024007
008 110707s1999 ||||||engsd
005 20171026081025.0
020 # # |a 0 19 433808 8  |c 73000 
041 0 # |a eng 
041 0 # |a vie 
082 1 4 |a 428  |b L301 
100 1 # |a Hutchinson, Tom 
245 1 0 |a Lifelines  |b Intermediate student's book  |c Tom Hutchinson 
260 # # |a Oxford  |b Oxford University Press  |c 1999 
300 # # |a 144 p.  |b ill.  |c 30 cm. 
650 # 4 |a Bài tập 
650 # 4 |a Giáo trình 
650 # 4 |a Trung Cấp 
650 # 4 |a Tiếng anh 
650 # 4 |a Kỹ năng đọc 
650 # 4 |a Kỹ năng nói 
650 # 4 |a Kỹ năng nghe hiểu 
653 # # |a student's book 
653 # # |a tiếng anh 
852 # # |j KD.0008691  |j KGT.0033939  |j KGT.0033949 
852 # # |b Kho đọc  |j KD.0008691 
852 # # |b Kho mượn  |j KM.0011876 
852 # # |b Kho giáo trình  |j KGT.0033949, KGT.0033939 
910 0 # |a Ntuyet  |d 07/07/2011 
980 # # |a Trung tâm Học liệu Lê Vũ Hùng, Trường Đại học Đồng Tháp